000 00424nam a22001337a 4500
020 _a 8131715310
082 _a302.23
100 _aRobert McKenzie
245 _aComparing media from around the world
260 _aNew Delhi
_bPearson education
_c2006.
300 _a372p
942 _cBK
999 _c2816
_d2816